| 000 | 00328nam a22001337a 4500 | ||
|---|---|---|---|
| 020 | _a0-07-033175-8 | ||
| 082 | _a658.562 QUA'J | ||
| 100 |
_aJURAN, J.M, BINGHAM, R.B, GRYNA, F.M _965818 |
||
| 245 | _aQUALITY CONTROL HANDBOOK | ||
| 250 | _a3RD | ||
| 260 |
_aNEWYORK _bMCGRAW HILL _c1874 |
||
| 300 | _aXII, 48A-10 | ||
| 942 | _cBK | ||
| 999 |
_c573920 _d573920 |
||